Tematika - szakirodalom [segédanyag a tudományos ismeretterjesztéshez]
Elmentve itt :
| Adatforrás: | Philobibl |
|---|---|
| Forrásdokumentuma: | Filozófiai Közlemények 2.1965:3. p. 150-151. |
| Dokumentumtípus: | Cikk |
| Nyelv: | magyar |
| Kulcsszavak: | TIT Filozófiai Választmánya bibliográfia |
| LEADER | 00367nab a2200109 c 4500 | ||
|---|---|---|---|
| 001 | bibPHI0039913 | ||
| 005 | 20200924124234.7 | ||
| 008 | 101105s1965 hu hun | ||
| 245 | 0 | 0 | |a Tematika - szakirodalom |b [segédanyag a tudományos ismeretterjesztéshez] |
| 695 | |a TIT Filozófiai Választmánya | ||
| 695 | |a bibliográfia | ||
| 773 | 0 | |t Filozófiai Közlemények |g 2.1965:3. p. 150-151. | |